• 首页
  • 本馆介绍
  • 公告通知
  • 最新文献
  • 馆藏检索
  • 电子资源
  • 读者导购
  • 参考咨询
  • 我的图书馆
  • 登录
  • 详细信息显示
  • 放入我的书架
  • 预约/预借图书
  • 作者相关作品
  • 分类相关作品
  • 丛书相关作品
  • 出版社相关作品

书目信息

  • 表格格式
  • 工作单格式
  • 卡片格式
题名:
青年特点与共青团工作
    
 
作者: 黄志坚 著
分册:  
出版信息: 北京   中国青年出版社  1983
页数: 146页
开本: 19cm
丛书名: 青年工作研究丛书
单 册:
中图分类: D297
科图分类:
主题词: 中国共产主义青年团--共青团工作
电子资源:
ISBN:
000 00723nam2 2200253 45
001 0183005963
005 20050329111745.6
010    @dCNY0.42
091    @a3009.266
100    @a19950613d1983 em y0chiy0121 ea
101 0  @achi
102    @aCN@b110000
105    @ay z 000yy
200 10 @a青年特点与共青团工作@Aqing nian te dian yu gong qing tuan gong zuo@f黄志坚著@FHuang Zhi Jian Zhu
210    @a北京@c中国青年出版社@d1983
215    @a146页@d19cm
225 2  @a青年工作研究丛书
410  0 @120010@a青年工作研究丛书
606    @a中国共产主义青年团@x共青团工作
690    @aD297@v3
701  0 @a黄志坚@4著
801  0 @aCN@b上海图书馆@c20040424
801  2 @aCN@bNLC@c20040424
905    @dD297@e11@f1@b168785
    
    青年特点与共青团工作/黄志坚著.-北京:中国青年出版社,1983
    146页;19cm.-(青年工作研究丛书)
    
    
    ISBN :CNY0.42
    
●
相关链接 在E读中查询图书 在五车中查询图书 在当当中查询图书 在豆瓣中查询图书


正题名:青年特点与共青团工作     索取号:D297/11         预约/预借

序号 登录号 条形码 馆藏地/架位号 状态 备注
1 0168785   002032375   第一借阅区/ [索取号:D297/11] 在馆    
2 0168786   000380956   第一借阅区/ [索取号:D297/11] 在馆    
3 0168787   000383070   第一样本阅览室/ [索取号:D297/11] 在馆    
唐山师范学院图书馆 欢迎您!
大连网信软件有限公司© 版权所有